Quick General Knowledge #2 - Statistics

General Stats
  • This quiz has been taken 41 times
  • The average score is 13 of 20
Answer Stats
Hint Answer % Correct
What causes high tide? Moon
97%
What is the official language of Brazil? Portuguese
92%
What is the most common dental issue? Cavity
89%
The art of folding paper originated in which country? Japan
89%
What animal are pearls found in? Oyster
83%
In chess, which piece can only move diagonally? Bishop
81%
What is the only month without a holiday in the United States? August
78%
What type of trees do acorns come from? Oak
78%
What animal is responsible for the most human deaths in the world? Mosquito
69%
What is the largest member of the brass family? Tuba
69%
Who was George Washington's vice president? John Adams
61%
What substance gives your skin color? Melanin
61%
Jonas Salk discovered the vaccine for what disease? Polio
61%
What city was Starbucks founded in? Seattle
58%
What is the name of the tallest mountain in the US? Mount Mckinley
50%
What does GPS stand for? Global Positioning System
47%
What candy bar is the global best seller? Snickers
47%
What gem stone has a popular cut named after it? Emerald
36%
What body system regulates hormones? Endocrine
31%
What insect is known for regenerating its head if decapitated? Cockroach
25%
No matching quizzes found
Score Distribution
Percent of People with Each Score
Percentile by Number Answered
Your Score History
You have not taken this quiz